| 000 | 02460cam a2200313 4500500 | ||
|---|---|---|---|
| 005 | 20260208001852.0 | ||
| 041 | _afre | ||
| 042 | _adc | ||
| 100 | 1 | 0 |
_aNadaud, Séverine _eauthor |
| 245 | 0 | 0 | _aL’adoption de la loi n° 2015-136 du 9 février 2015 relative à l’exposition aux ondes électromagnétiques : premier pas encourageant ou régression décourageante ? |
| 260 | _c2015. | ||
| 500 | _a65 | ||
| 520 | _aDepuis quelques années, la préoccupation du public quant à l’impact sanitaire et environnemental des ondes et champs électromagnétiques n’a cessé de grandir au fur et à mesure du développement à vaste échelle des nouvelles technologies qui en sont à l’origine. Quelle réponse vient apporter la loi n° 2015-136 du 9 février 2015 relative à l’exposition aux ondes électromagnétiques ? Ce texte de compromis conduit à évincer le mal-aimé principe de précaution au profit d’un succédané, l’objectif de « sobriété », et à conforter les principes d’information et de participation, qui suscitent bien moins d’oppositions dans leur mise en œuvre. | ||
| 520 | _aSince a few years, new information and communication technologies are developing quickly and public concern for health and environmental impacts of the electromagnetic waves and fields did not stop growing. What response comes to bring the law n°2015-136, 9th February 2015, relative to public exposure to electromagnetic waves ? This compromise text leads to evict the precautionary principle for the benefit of a surrogate, the objective of “sobriety” and to consolidate the principles of information and participation, which arouse much fewer opposition in their implementation | ||
| 690 | _achamps et ondes électromagnétiques | ||
| 690 | _aexposition du public | ||
| 690 | _aobjectif de sobriété | ||
| 690 | _aprincipe ALARA | ||
| 690 | _aprincipe de précaution | ||
| 690 | _aprincipes d’information et de participation | ||
| 690 | _aALARA principle | ||
| 690 | _aelectromagnetic waves and fields | ||
| 690 | _aobjective of sobriety | ||
| 690 | _aprecautionary principle | ||
| 690 | _aprinciples of information and participation | ||
| 690 | _apublic exposure | ||
| 786 | 0 | _nRevue juridique de l’environnement | Volume 40 | 3 | 2015-08-27 | p. 423-436 | 0397-0299 | |
| 856 | 4 | 1 | _uhttps://droit.cairn.info/revue-juridique-de-l-environnement-2015-3-page-423?lang=fr&redirect-ssocas=7080 |
| 999 |
_c1645566 _d1645566 |
||